Le médecin d'Ispahan / (Record no. 92670)

MARC details
000 -LEADER
campo de control de longitud fija 00734nam a2200241 i 4500
001 - NÚMERO DE CONTROL
campo de control 92670
003 - IDENTIFICADOR DE NÚMERO DE CONTROL
campo de control ES-MaACL
005 - FECHA Y HORA DE LA ÚLTIMA TRANSACCIÓN
campo de control 20250809070329.0
007 - CAMPO FIJO DE DESCRIPCIÓN FÍSICA--INFORMACIÓN GENERAL
campo de control de longitud fija t|
008 - DATOS DE LONGITUD FIJA--INFORMACIÓN GENERAL
campo de control de longitud fija 050414s1990 fr ||||1| fre d
020 ## - NÚMERO INTERNACIONAL ESTÁNDAR DEL LIBRO
Número Internacional Estándar del Libro 2-253-05235-3
080 ## - NÚMERO DE LA CLASIFICACIÓN DECIMAL UNIVERSAL
Número de la Clasificación Decimal Universal 821.111(73)-31"19"
100 1# - ENTRADA PRINCIPAL--NOMBRE DE PERSONA
Nombre de persona Gordon, Noah.
9 (RLIN) 59162
245 13 - MENCIÓN DEL TÍTULO
Título Le médecin d'Ispahan /
Mención de responsabilidad, etc. Noah Gordon ; traduit de l'americain par Dominique Rist et Simone Lamblin.
260 ## - PUBLICACIÓN, DISTRIBUCIÓN, ETC.
Lugar de publicación, distribución, etc. [S.l.] :
Nombre del editor, distribuidor, etc. Stock,
Fecha de publicación, distribución, etc. [1990]
300 ## - DESCRIPCIÓN FÍSICA
Extensión 603 p. ;
Dimensiones 17 cm.
490 1# - MENCIÓN DE SERIE
Mención de serie Le Livre de poche ;
Designación de volumen o secuencia 6728
700 1# - ENTRADA AGREGADA--NOMBRE PERSONAL
Nombre de persona Rist, Dominique.
9 (RLIN) 97473
700 1# - ENTRADA AGREGADA--NOMBRE PERSONAL
Nombre de persona Lamblin, Simone.
9 (RLIN) 69829
830 03 - PUNTO DE ACCESO ADICIONAL DE SERIE-TÍTULO UNIFORME
Título uniforme Le livre de poche
Designación de volumen o secuencia 6728
9 (RLIN) 179656
852 ## - LOCALIZACIÓN
Ubicación ES-MaACL
Número de control de estantería E-10965
Sublocalización o colección R.134790
Holdings
Estatus retirado Estado de pérdida Estado de daño No para préstamo Biblioteca de origen Biblioteca actual Ubicación en estantería Fecha de adquisición Fuente de adquisición Total de préstamos Signatura topográfica completa Código de barras Visto por última vez Precio de reemplazo Tipo de ítem Koha
        Biblioteca del Ateneo de Madrid Biblioteca del Ateneo de Madrid Depósito 2 17/01/2008     E-10965 1096744 23/02/2023 23/02/2023 Libro impreso